Vizualizácia filtračných bublín

Gespeichert in:
Bibliographische Detailangaben
1. Verfasser: Eliaš, Patrik (Verfasst von)
Weitere Verfasser: Stupavský, Igor (Betreuung Doktorarbeit)
Format: Manuskript Buch
Sprache:Slowakisch
Veröffentlicht: 2025
Schlagworte:
Online-Zugang:http://is.stuba.sk/zp/portal_zp.pl?podrobnosti=183585
Tags: Tag hinzufügen
Keine Tags, Fügen Sie das erste Tag hinzu!

MARC

LEADER 00000ntm a22000003a 4500
001 stuzp105763
003 SK-STU
005 20250607211520.1
007 ta
008 150427s2015----xo-----f-mn---000-0-slo-d
040 |a STU  |b slo 
041 0 |a slo 
100 1 |a Eliaš, Patrik  |u 070200  |4 aut  |U FIIT Fakulta informatiky a informačných technológií  |T FIIT Ústav informatiky, informačných systémov a softvérového inžinierstva  |X 110967  |U I200  |Y 179  |7 110967 
242 0 1 |a Filter bubbles visualization  |y eng 
245 1 0 |a Vizualizácia filtračných bublín 
260 |c 2025 
650 4 |a Natural language processing  |2 eng 
650 4 |a Knowledge graph  |2 eng 
650 4 |a Filter bubbles  |2 eng 
650 4 |a Spracovanie prirodzeného jazyka  |2 slo 
650 4 |a Znalostný graf  |2 slo 
650 4 |a Filtračné bubliny  |2 slo 
700 1 |a Stupavský, Igor  |4 ths  |X 50946  |7 50946 
856 4 |u http://is.stuba.sk/zp/portal_zp.pl?podrobnosti=183585